Donde esta el coco? / (Record no. 27067)
[ view plain ]
| 000 -LEADER | |
|---|---|
| fixed length control field | 01108nam a22002657a 4500 |
| 001 - CONTROL NUMBER | |
| control field | sjds |
| 003 - CONTROL NUMBER IDENTIFIER | |
| control field | sjds |
| 005 - DATE AND TIME OF LATEST TRANSACTION | |
| control field | 20220808200133.0 |
| 008 - FIXED-LENGTH DATA ELEMENTS--GENERAL INFORMATION | |
| fixed length control field | 220611b mx ||||| |||| 00| 0 spa d |
| 020 ## - INTERNATIONAL STANDARD BOOK NUMBER | |
| International Standard Book Number | 9706291237 |
| 020 ## - INTERNATIONAL STANDARD BOOK NUMBER | |
| International Standard Book Number | 9789706291233 |
| 020 ## - INTERNATIONAL STANDARD BOOK NUMBER | |
| International Standard Book Number | 7509965966923 |
| 024 ## - OTHER STANDARD IDENTIFIER | |
| Source of number or code | UPC |
| Standard number or code | 7509965966923 |
| 040 ## - CATALOGING SOURCE | |
| Transcribing agency | sjds |
| 041 ## - LANGUAGE CODE | |
| Language code of text/sound track or separate title | spa |
| 100 10 - MAIN ENTRY--PERSONAL NAME | |
| Personal name | Robleda Moguel, Margarita. |
| 245 ## - TITLE STATEMENT | |
| Title | Donde esta el coco? / |
| Statement of responsibility, etc. | Margarita Robleda Moguel ; ilustraciones y portada, Maribel Suarez. |
| 260 ## - PUBLICATION, DISTRIBUTION, ETC. (IMPRINT) | |
| Place of publication, distribution, etc. | Mexico, D.F. : Sistemas Tecnicos de Edicion, c1996 |
| Name of publisher, distributor, etc. | Sistemas Tecnicos de Edicion, |
| Date of publication, distribution, etc. | c1996 |
| 300 ## - PHYSICAL DESCRIPTION | |
| Extent | 19 pages : |
| Other physical details | color illustrations ; |
| Dimensions | 23 cm. |
| 440 ## - SERIES STATEMENT/ADDED ENTRY--TITLE | |
| Title | Nuevos cuentos para puiguitas |
| 500 ## - GENERAL NOTE | |
| General note | Luis Fernando y su mama buscan un coco en la casa. En fin se suben al coche y van al mercado. Asi nos ensenan algunas preposiciones.<br/>Luis Fernando and his mother look for a coconut in their home. Finally they get in the car and go to the market. Thus they teach us some of the prepositions in Spanish. |
| 650 ## - SUBJECT ADDED ENTRY--TOPICAL TERM | |
| Topical term or geographic name as entry element | Fruit |
| Form subdivision | Juvenile fiction. |
| 700 10 - ADDED ENTRY--PERSONAL NAME | |
| Personal name | Suarez, Maribel |
| 942 ## - ADDED ENTRY ELEMENTS (KOHA) | |
| Koha item type | Libro/Book |
| Withdrawn status | Lost status | Damaged status | Not for loan | Home library | Current library | Shelving location | Date acquired | Inventory number | Total Checkouts | Full call number | Barcode | Date last seen | Date checked out | Price effective from | Koha item type | Total Renewals | Checked out |
|---|---|---|---|---|---|---|---|---|---|---|---|---|---|---|---|---|---|
| Barbudos -- Satellite | Barbudos -- Satellite | 11/06/2022 | 1 | JI | 35802016 | 23/10/2024 | 23/10/2024 | 11/06/2022 | Libro/Book | 27/11/2024 | |||||||
| Capulin -- Satellite | Capulin -- Satellite | 11/06/2022 | Inventory date: 7/7/25 | JI | 35102016 | 11/06/2022 | 11/06/2022 | Libro/Book | |||||||||
| Carrizal -- Satellite | Carrizal -- Satellite | 11/06/2022 | Inventory date: 13-1-25 | JI | 3700401 | 11/06/2022 | 11/06/2022 | Libro/Book | |||||||||
| Genizero -- Satellite | Genizero -- Satellite | 08/08/2022 | Inventory date: 7/7/25 | JI | 35602015 | 08/08/2022 | 08/08/2022 | Libro/Book | |||||||||
| Las Brisas 1 -- Satellite | Las Brisas 1 -- Satellite | 11/06/2022 | JI | 40002224 | 11/06/2022 | 11/06/2022 | Libro/Book | ||||||||||
| Las Brisas 2 -- Satellite | Las Brisas 2 -- Satellite | 11/06/2022 | Inventory date: 7/4/25 | JI | 40102257 | 11/06/2022 | 11/06/2022 | Libro/Book | |||||||||
| Las Marias -- Satellite | Las Marias -- Satellite | 11/06/2022 | inventory date: 30/1/25 | 1 | JI | 3600410 | 22/06/2023 | 22/06/2023 | 11/06/2022 | Libro/Book | |||||||
| Las Pampas -- Satellite | Las Pampas -- Satellite | 11/06/2022 | inventory date: 17-1-25 | JI | 35702020 | 11/06/2022 | 11/06/2022 | Libro/Book | |||||||||
| San Jeronimo -- Satellite | San Jeronimo -- Satellite | 11/06/2022 | inventory date: 17-1-25 | JI | 35902224 | 11/06/2022 | 11/06/2022 | Libro/Book | |||||||||
| San Juan Del Sur -- Biblioteca | San Juan Del Sur -- Biblioteca | Children's Area | 11/06/2022 | Inventory date: 15-5-25 | 2 | CAJA ESPANOL | 30028867 | 16/08/2023 | 31/07/2023 | 11/06/2022 | Libro/Book | ||||||
| Monte Cristo -- Satellite | San Juan Del Sur -- Biblioteca | 11/06/2022 | Checked out from 2023 - Jan 2025 | 1 | JI | 40202241 | 07/03/2023 | 07/03/2023 | 11/06/2022 | Libro/Book | 11/04/2023 | ||||||
| Sevadilla -- Satellite | Sevadilla | 11/06/2022 | Inventory date: 7/7/25 | 4 | JI | 35402014 | 18/03/2026 | 18/03/2026 | 11/06/2022 | Libro/Book | 2 | 22/04/2026 |